Feriados nacionais do Brasil - Statistics

Estatísticas Gerais
  • Esse quiz foi jogado 263 vezes
  • A pontuação média é 7 de 9
Estatísticas das Respostas
Data Feriado % Correto
25 de Dezembro Natal
96%
7 de Setembro Independência do Brasil
91%
1º de Maio Dia do Trabalho
85%
21 de Abril Tiradentes
83%
2 de Novembro Dia de Finados
81%
15 de Novembro Proclamação da República
80%
12 de Outubro Dia de Nossa Senhora Aparecida
76%
1º de Janeiro Confraternização Universal
39%
Março-Abril Paixão de Cristo
30%
Nenhum quiz correspondente encontrado
Distribuição das Pontuações
Porcentagem de Pessoas com Cada Pontuação
Percentil de Números Respondidos
Sua Pontuação Histórica
Você não jogou esse quiz